| 000 | 00946nam a22003017a 4500 | ||
|---|---|---|---|
| 003 | CHAP | ||
| 005 | 20220329133947.0 | ||
| 008 | 971013s1974 r 00010 d | ||
| 010 | _a13255 | ||
| 011 | _a14227 | ||
| 035 | _a18300 | ||
| 040 | _cCHAP | ||
| 082 |
_a727 _bC3Y |
||
| 100 | 0 | 0 |
_aCastaldi, Basil. _919885 |
| 245 | _aDiseño de centros educativos | ||
| 260 |
_aMéxico : _bPax-México, _c1974 |
||
| 300 |
_a564 p. _b: ilus. |
||
| 590 |
_aBATCH-UPD _b10 _c20130110 _lUCH01 _h0104 |
||
| 590 |
_aBATCH-UPD _b10 _c20130110 _lUCH01 _h2233 |
||
| 590 |
_aBATCH-UPD _b10 _c20130410 _lUCH01 _h1528 |
||
| 590 |
_aBATCH-UPD _b10 _c20130914 _lUCH01 _h0855 |
||
| 590 |
_aCONVERSION _b10 _c20130109 _lUCH01 _h1309 |
||
| 650 | 1 | 4 |
_aEscuelas _xConstrucción. _937621 |
| 901 | _aBK | ||
| 942 | _cLIBRO | ||
| 949 |
_a727 C3Y _bBC _cLIBRO _d33724000134375 _eLIBRO _h38887 _i18300 _mD _si |
||
| 949 |
_a727 C3Y _bBC _cLIBRO _d33724000148193 _eLIBRO _fc.2 _h38888 _i18300 _mD _si |
||
| 999 |
_c13255 _d13255 |
||